| 000 | 01089cam a2200277 a 4500 | ||
|---|---|---|---|
| 001 | 118167 | ||
| 005 | 20230410132633.0 | ||
| 008 | 070223s2004 nyu 000 0 eng d | ||
| 020 | _a0684854295 (pbk.) | ||
| 020 | _a9780684854298 (pbk.) | ||
| 020 | _a0684181193 | ||
| 050 | 1 | 4 |
_aPS 3515 _bH488e 2004 |
| 082 | 0 | 0 | _a813/.52 |
| 100 | 1 |
_aHemingway, Ernest, _d1899-1961. |
|
| 245 | 1 | 0 |
_aErnest Hemingway on writing / _cedited by Larry W. Phillips. |
| 250 | _a1st. Scribner trade paperback ed. | ||
| 260 |
_aNew York : _bScribner, _c2004. |
||
| 300 |
_axiii, 140 p. ; _c21 cm. |
||
| 505 | 0 | _aWhat writing is and does? -- The qualities of a writer -- The pain and pleasure of writing -- What to write about -- Advice to writers -- Working habits -- Characters -- Knowing what to leave out -- Obscenity -- Titles -- Other writers -- Politics -- The writer's life. | |
| 600 | 1 | 0 |
_aHemingway, Ernest, _d1899-1961 _vQuotations. |
| 650 | 0 |
_aFiction _xAuthorship _vQuotations, maxims, etc. |
|
| 650 | 4 | _a20150700 | |
| 700 | 1 |
_aPhillips, Larry W., _eed. |
|
| 942 |
_2lcc _cbk |
||
| 946 | _arsfv | ||
| 999 |
_c85081 _d85081 |
||